| 000 | 00580cam a22001457a 4500 | ||
|---|---|---|---|
| 008 | 180718b2004 xxu||||| |||| 00| 0 eng d | ||
| 100 | _aPeria, Maria Soledad Martinez | ||
| 245 |
_aHow foreign participation and market concentration impact bank spreads: evidence from Latin America _cby Maria Soledad Martinez Peria and Ashoka Mody |
||
| 260 |
_aWashington, D.C. _bWorld Bank _c2004 |
||
| 300 | _a32p. | ||
| 440 | _aPolicy research working paper; no. 3210 | ||
| 650 | _aInvestments, Foreign --Latin America | ||
| 650 | _aBanks and banking --Latin America | ||
| 700 | _aMody, Ashoka | ||
| 999 |
_c290116 _d290116 |
||